| 000 | 00638nam a2200193 a 4500 | ||
|---|---|---|---|
| 001 | BRCA_489 | ||
| 005 | 20190320203031.0 | ||
| 008 | 121005s1988----sp-a---###---#000-0#spa-d | ||
| 050 | 4 |
_aNK4290 _b.M67 1988 |
|
| 100 | 1 |
_aMota, María Manuela _91689 |
|
| 245 | 1 | 0 |
_aLoucas Seljúcidas _bPérsia e Síria _cMaría Manuela Mota. |
| 260 |
_aLisboa _bMuseo Calouste Gulbenkian _c1988. |
||
| 300 |
_av.1 _bil. _c24 cm. |
||
| 504 | _aBibliografía: p. 119-122 | ||
| 546 | _aTexto en inglés y francés | ||
| 650 | 1 | 4 |
_aCerámica esmaltada _ySiglo XII-XVIII _zPersia y Siria _91690 |
| 650 | 1 | 4 |
_aArte islámico _vEsmaltes _xCerámica _91691 |
| 942 |
_2lcc _cB |
||
| 999 |
_c423 _d423 |
||